<?xml version="1.0" encoding="UTF-8"?>
<collection xmlns:xsi="http://www.w3.org/2001/XMLSchema-instance" xsi:schemaLocation="http://www.loc.gov/MARC21/slim http://www.loc.gov/standards/marcxml/schema/MARC21slim.xsd" xmlns="http://www.loc.gov/MARC21/slim">
 <record>
  <leader>00000cam a22000003a 4500</leader>
  <controlfield tag="001">UP-99796217611761517</controlfield>
  <controlfield tag="003">Buklod</controlfield>
  <controlfield tag="005">20150910104256.0</controlfield>
  <controlfield tag="006">m     o  j        </controlfield>
  <controlfield tag="007">ta</controlfield>
  <controlfield tag="008">150910s        xx     d     r    |||| u|</controlfield>
  <datafield tag="035" ind1=" " ind2=" ">
   <subfield code="a">(iLib)UPD-00249806019</subfield>
  </datafield>
  <datafield tag="040" ind1=" " ind2=" ">
   <subfield code="a">DML</subfield>
  </datafield>
  <datafield tag="041" ind1="0" ind2=" ">
   <subfield code="a">eng</subfield>
  </datafield>
  <datafield tag="090" ind1=" " ind2=" ">
   <subfield code="a">personal copy (uncataloged)</subfield>
  </datafield>
  <datafield tag="245" ind1="0" ind2="0">
   <subfield code="a">Recentes reserches en archeologie en Thailande</subfield>
   <subfield code="b">Current researches in Archaeology in Thailand.</subfield>
  </datafield>
  <datafield tag="264" ind1=" " ind2="1">
   <subfield code="a">[s.l.</subfield>
   <subfield code="b">s.n.</subfield>
   <subfield code="c">19-</subfield>
  </datafield>
  <datafield tag="300" ind1=" " ind2=" ">
   <subfield code="a">v.p.</subfield>
   <subfield code="b">ill.</subfield>
  </datafield>
  <datafield tag="505" ind1="0" ind2=" ">
   <subfield code="a">compilation of various articles : 1.1 Binh Nguyen V. : Back to the periodization. -- 1.2 Charoenwongsa, Pisit : A study of the physical environment... -- 1.3 Dizon, Eusebio : State of the Philippine underwater... 1.4 Indrawooth, Phasook : Muang Fa Daed Song... 1.5 Ronquillo, Wilfredo P. : Philippine Archaeological heritage... 1.6 Quy, Vu Cong : The sa Huynh culture... 1.7 Tan, Ha Van : New researches on... 1.8 Vallibhotoma, Srisakra : The secondary burial and the social changes in the Northeastern region.</subfield>
  </datafield>
  <datafield tag="650" ind1=" " ind2="0">
   <subfield code="a">Archaeology</subfield>
   <subfield code="x">Thailand.</subfield>
  </datafield>
  <datafield tag="650" ind1=" " ind2="0">
   <subfield code="a">Archaeology</subfield>
   <subfield code="x">Philippines.</subfield>
  </datafield>
  <datafield tag="905" ind1=" " ind2=" ">
   <subfield code="a">FO</subfield>
  </datafield>
  <datafield tag="950" ind1=" " ind2=" ">
   <subfield code="a">Monograph</subfield>
  </datafield>
  <datafield tag="852" ind1="0" ind2=" ">
   <subfield code="a">UPD</subfield>
   <subfield code="b">DMLS</subfield>
   <subfield code="h">personal copy (uncataloged)</subfield>
  </datafield>
  <datafield tag="942" ind1=" " ind2=" ">
   <subfield code="a">Book</subfield>
  </datafield>
 </record>
</collection>
